000 00566nam a2200169 i 4500
001 92891
003 ES-MaACL
005 20230906181059.0
007 t|
008 050330s1972 sp ||||1| spa d
100 1 _aLiria Lafarga, Martín.
_972527
245 1 0 _aPonencia sobre la regionalidad o vecindad civil /
_cpor Martín Liria Lafarga; bajo la dirección de José Luis Lacruz Berdejo.
260 _aZaragoza :
_bLibreria General,
_c1972.
300 _a119 p. ;
_c24 cm.
700 1 _aLacruz Berdejo, José Luis.
_969414
852 _aES-MaACL
_jC-43679
_bR.82715
999 _c92891
_d92891